LDR 00637naa#a2200169#i#450# 001 EN\\bibl\108756 005 20260601025907.1 011 ## _a2074-8183 100 ## _a20260331b2026####ek#y0engy0150####ca 102 ## _aRU 200 1# _aON INFORMATION IN CRIMINAL PROCEEDINGS ONCE AGAIN _eJournal article 210 1# _aVolgograd _cVolgograd Academy of the Ministry of Internal Affairs of Russia _d2026 215 ## _a8 с. 608 ## _aJournal article _2local 675 ## _aУголовное судопроизводство. Уголовно-процессуальное право. 343.1 _z 700 #1 _aMuhametshin _gTimur Rishatovich 856 4# _ava-mvd.editorum.ru _u